<?xml version="1.0" encoding="UTF-8"?>
<record
    xmlns:xsi="http://www.w3.org/2001/XMLSchema-instance"
    xsi:schemaLocation="http://www.loc.gov/MARC21/slim http://www.loc.gov/standards/marcxml/schema/MARC21slim.xsd"
    xmlns="http://www.loc.gov/MARC21/slim">

  <leader>01060nam a22002417a 4500</leader>
  <controlfield tag="005">20100722133246.0</controlfield>
  <datafield tag="010" ind1=" " ind2=" ">
    <subfield code="a">HIN-89784</subfield>
  </datafield>
  <datafield tag="020" ind1=" " ind2=" ">
    <subfield code="a">9788188285518</subfield>
    <subfield code="c">400.00</subfield>
  </datafield>
  <datafield tag="035" ind1=" " ind2=" ">
    <subfield code="a">HN-62130</subfield>
  </datafield>
  <datafield tag="037" ind1=" " ind2=" ">
    <subfield code="b">DBAD/PUB</subfield>
  </datafield>
  <datafield tag="082" ind1=" " ind2=" ">
    <subfield code="a">&#x915;</subfield>
  </datafield>
  <datafield tag="100" ind1=" " ind2=" ">
    <subfield code="a">&#x915;&#x92E;&#x932;&#x947;&#x936;</subfield>
    <subfield code="9">740</subfield>
  </datafield>
  <datafield tag="245" ind1=" " ind2=" ">
    <subfield code="a">&#x92E;&#x928;&#x94B;&#x939;&#x930; &#x936;&#x94D;&#x92F;&#x93E;&#x92E; &#x91C;&#x94B;&#x936;&#x940; &#x915;&#x947; &#x915;&#x925;&#x93E; &#x92A;&#x94D;&#x930;&#x92F;&#x94B;&#x917; /</subfield>
    <subfield code="c">&#x915;&#x92E;&#x932;&#x947;&#x936;</subfield>
  </datafield>
  <datafield tag="246" ind1=" " ind2=" ">
    <subfield code="a">Manohar Shyam Joshi ke katha-prayog</subfield>
    <subfield code="b">by Kamlesh</subfield>
  </datafield>
  <datafield tag="260" ind1=" " ind2=" ">
    <subfield code="a">&#x926;&#x93F;&#x932;&#x94D;&#x932;&#x940;</subfield>
    <subfield code="b">&#x928;&#x92F;&#x93E; &#x938;&#x93E;&#x939;&#x93F;&#x924;&#x94D;&#x92F; &#x915;&#x947;&#x902;&#x926;&#x94D;&#x930;</subfield>
    <subfield code="c">2010</subfield>
  </datafield>
  <datafield tag="270" ind1=" " ind2=" ">
    <subfield code="a">&#x92B;&#x947;&#x938; &#x908;.-1 265, &#x917;&#x932;&#x940; &#x928;&#x902;.-16, &#x938;&#x94B;&#x928;&#x93F;&#x92F;&#x93E; &#x935;&#x93F;&#x939;&#x93E;&#x930;</subfield>
    <subfield code="b">&#x926;&#x93F;&#x932;&#x94D;&#x932;&#x940;</subfield>
    <subfield code="e">110094</subfield>
  </datafield>
  <datafield tag="300" ind1=" " ind2=" ">
    <subfield code="a">196&#x92A;&#x943;.</subfield>
    <subfield code="c">22&#x938;&#x947;&#x92E;&#x940; (&#x938;&#x91C;&#x93F;&#x932;&#x94D;&#x926;)</subfield>
  </datafield>
  <datafield tag="650" ind1=" " ind2=" ">
    <subfield code="a">&#x939;&#x93F;&#x928;&#x94D;&#x926;&#x940; &#x915;&#x925;&#x93E;&#x90F;&#x901;, &#x939;&#x93F;&#x928;&#x94D;&#x926;&#x940;</subfield>
    <subfield code="9">1315</subfield>
  </datafield>
  <datafield tag="650" ind1=" " ind2=" ">
    <subfield code="a">Hindi Stories, Hindi</subfield>
    <subfield code="9">1316</subfield>
  </datafield>
  <datafield tag="700" ind1=" " ind2=" ">
    <subfield code="9">716</subfield>
  </datafield>
  <datafield tag="942" ind1=" " ind2=" ">
    <subfield code="2">ddc</subfield>
    <subfield code="c">HN</subfield>
    <subfield code="h">&#x915;</subfield>
    <subfield code="m">&#x915;&#x92E;&#x932;&#x947;</subfield>
  </datafield>
  <datafield tag="999" ind1=" " ind2=" ">
    <subfield code="c">37227</subfield>
    <subfield code="d">37227</subfield>
  </datafield>
  <datafield tag="952" ind1=" " ind2=" ">
    <subfield code="0">0</subfield>
    <subfield code="1">0</subfield>
    <subfield code="4">0</subfield>
    <subfield code="7">1</subfield>
    <subfield code="8">FIC</subfield>
    <subfield code="a">DBAD</subfield>
    <subfield code="b">DBAD</subfield>
    <subfield code="d">2010-07-22</subfield>
    <subfield code="e">DBAD / PUB</subfield>
    <subfield code="g">400.00</subfield>
    <subfield code="l">0</subfield>
    <subfield code="o">&#x915;-&#x915;&#x92E;&#x932;&#x947;</subfield>
    <subfield code="p">HN-62130</subfield>
    <subfield code="r">2010-07-22 00:00:00</subfield>
    <subfield code="t">1</subfield>
    <subfield code="v">400.00</subfield>
    <subfield code="y">HN</subfield>
  </datafield>
</record>
